[Event "ENCI Limburg-open A"]
[Site "Maastricht"]
[Date "2011.06.11"]
[Round "2"]
[White "Cornelisse, John"]
[Black "Scholzen, Wolfgang"]
[Result "1-0"]
[WhiteElo "2210"]
[BlackElo "2082"]
[PlyCount "71"]
[EventDate "2011.06.10"]
[EventType "swiss"]
[EventRounds "7"]
[EventCountry "NED"]
[Source "P.Boonen"]
[SourceDate "2012.01.01"]

1. c4 e6 2. g3 d5 3. Nf3 Nf6 4. Bg2 Bd6 5. O-O O-O 6. b3 c6 7. Bb2 Nbd7 8. d4
Ne4 9. Nbd2 f5 10. Ne1 Qg5 11. e3 Ndf6 12. Ndf3 Qh6 13. Qe2 g5 14. Ne5 f4 15.
exf4 gxf4 16. Bc1 Ng5 17. h4 Nge4 18. Bxf4 Qg7 19. N1d3 Bc7 20. c5 a5 21. Rac1
b6 22. cxb6 Bxb6 23. Qe3 Ba6 24. Bh3 Bxd3 25. Nxd3 h5 26. Be5 Qd7 27. f3 Nxg3
28. Bxg3 Qg7 29. Qg5 Bxd4+ 30. Kh2 Qxg5 31. hxg5 Nh7 32. Bxe6+ Kg7 33. f4 Be3
34. Rxc6 Nxg5 35. Rc7+ Kh6 36. fxg5+ 1-0

[Event "ENCI Limburg-open A"]
[Site "Maastricht"]
[Date "2011.06.11"]
[Round "2"]
[White "Cox, Jan"]
[Black "Bekker, Stefan"]
[Result "0-1"]
[WhiteElo "1955"]
[BlackElo "2162"]
[PlyCount "44"]
[EventDate "2011.06.10"]
[EventType "swiss"]
[EventRounds "7"]
[EventCountry "NED"]
[Source "P.Boonen"]
[SourceDate "2012.01.01"]

1. e4 c5 2. c3 g6 3. d4 cxd4 4. cxd4 d5 5. exd5 Nf6 6. Nc3 Bg7 7. Bb5+ Nbd7 8.
Nf3 O-O 9. O-O Nb6 10. Be3 a6 11. Be2 Nfxd5 12. Rc1 Bd7 13. Ne4 Bc6 14. Bd2 Nc7
15. Ba5 Bxe4 16. Bxb6 Rc8 17. Ng5 Bc6 18. Bxa6 Qd5 19. Rxc6 Qxc6 20. Bxc7 Qxa6
21. Be5 f6 22. Qb3+ Qc4 0-1

[Event "ENCI Limburg-open A"]
[Site "Maastricht"]
[Date "2011.06.11"]
[Round "2"]
[White "Dalemans, Diana"]
[Black "Bus, Tom"]
[Result "0-1"]
[WhiteElo "1947"]
[BlackElo "2206"]
[PlyCount "108"]
[EventDate "2011.06.10"]
[EventType "swiss"]
[EventRounds "7"]
[EventCountry "NED"]
[Source "P.Boonen"]
[SourceDate "2012.01.01"]

1. e4 c5 2. Nf3 Nc6 3. d4 cxd4 4. Nxd4 Nf6 5. Nc3 d6 6. Bg5 e6 7. Qd2 Be7 8.
O-O-O O-O 9. f4 h6 10. Bh4 Bd7 11. Kb1 Nxe4 12. Nxe4 Bxh4 13. Nxd6 Nxd4 14.
Qxd4 Bc6 15. Rg1 Bf6 16. Qe3 Be7 17. Qd4 Qc7 18. Nb5 Qa5 19. Qc3 Qb6 20. Nd4
Rfd8 21. Qe3 Rxd4 22. Rxd4 Bc5 23. c3 Rd8 24. Rh1 Bxd4 25. cxd4 Qxd4 26. Qc1
Qe4+ 27. Ka1 Qxf4 28. Be2 Qxc1+ 29. Rxc1 Rd2 30. Bf3 Bxf3 31. gxf3 Kf8 32. a3
Ke7 33. Rc7+ Rd7 34. Rc2 f5 35. Kb1 Rd1+ 36. Ka2 Rd3 37. Rc7+ Rd7 38. Rc2 g5
39. h4 Kf6 40. hxg5+ hxg5 41. Rc3 e5 42. Kb3 g4 43. fxg4 f4 44. Rh3 Rg7 45.
Rh6+ Rg6 46. Rh7 f3 47. Rh8 Kg5 48. Rh1 Kf4 49. Kc3 e4 50. Kd2 e3+ 51. Ke1 Rc6
52. Kd1 e2+ 53. Kd2 Rd6+ 54. Kc2 f2 0-1

[Event "ENCI Limburg-open A"]
[Site "Maastricht"]
[Date "2011.06.11"]
[Round "2"]
[White "De Cauter, Wolfgang"]
[Black "Oosterman, Maarten Jan"]
[Result "0-1"]
[WhiteElo "2014"]
[BlackElo "2010"]
[PlyCount "126"]
[EventDate "2011.06.10"]
[EventType "swiss"]
[EventRounds "7"]
[EventCountry "NED"]
[Source "P.Boonen"]
[SourceDate "2012.01.01"]

1. c4 e5 2. g3 Nc6 3. Bg2 f5 4. a3 a5 5. Nc3 Nf6 6. d3 Bc5 7. Nf3 O-O 8. O-O d6
9. Rb1 Qe8 10. Nh4 f4 11. Nd5 Qh5 12. e3 Bg4 13. Bf3 fxg3 14. fxg3 Bxf3 15.
Rxf3 Rf7 16. Nxf6+ Rxf6 17. Bd2 a4 18. Rxf6 Qxd1+ 19. Rxd1 gxf6 20. Nf5 Kf7 21.
Kg2 Ke6 22. g4 Rg8 23. h3 h5 24. Kg3 Ne7 25. Nxe7 Kxe7 26. Kf3 hxg4+ 27. hxg4
Rh8 28. Kg2 b5 29. cxb5 Rb8 30. Kf3 Rxb5 31. Bc1 Rb3 32. Ke2 Rb8 33. Rh1 Rf8
34. Rh7+ Kd8 35. Rh5 Rg8 36. Kf3 d5 37. d4 Bd6 38. Rf5 Ke7 39. Rh5 e4+ 40. Kf2
c6 41. Rh7+ Ke6 42. Ra7 Rxg4 43. Rxa4 Bg3+ 44. Ke2 Bh4 45. Ra6 Kd7 46. Bd2 Rg2+
47. Kd1 Bg5 48. Rb6 Rg3 49. Rb3 f5 50. Rc3 Rg2 51. b4 Bf6 52. a4 f4 53. exf4
Bxd4 54. Ra3 Kc7 55. a5 Kb7 56. a6+ Ka7 57. Bc3 Be3 58. Be5 d4 59. Rxe3 dxe3
60. Bd4+ Kxa6 61. Bxe3 Kb5 62. Bc5 Kc4 63. Ke1 Kd3 0-1

[Event "ENCI Limburg-open A"]
[Site "Maastricht"]
[Date "2011.06.11"]
[Round "2"]
[White "Driessens, Patrick"]
[Black "Harff, Marcel"]
[Result "1/2-1/2"]
[WhiteElo "2324"]
[BlackElo "2217"]
[PlyCount "50"]
[EventDate "2011.06.10"]
[EventType "swiss"]
[EventRounds "7"]
[EventCountry "NED"]
[Source "P.Boonen"]
[SourceDate "2012.01.01"]

1. d4 Nf6 2. c4 e6 3. g3 d5 4. Nf3 c6 5. Bg2 Nbd7 6. O-O b6 7. b3 Be7 8. Nbd2
O-O 9. Bb2 Bb7 10. Rc1 Rc8 11. Ne5 c5 12. cxd5 Bxd5 13. Nxd7 Qxd7 14. e4 Bb7
15. dxc5 Rxc5 16. Qe2 Rxc1 17. Rxc1 Rd8 18. Nc4 Ba6 19. Bf1 Ne8 20. Qc2 Bb7 21.
Bc3 Qc6 22. Bg2 Bf6 23. Ne3 Bxc3 24. Qxc3 Qxc3 25. Rxc3 Kf8 1/2-1/2

[Event "ENCI Limburg-open A"]
[Site "Maastricht"]
[Date "2011.06.11"]
[Round "2"]
[White "Fedorchuk, Sergey A"]
[Black "Bomans, Arno"]
[Result "1-0"]
[WhiteElo "2654"]
[BlackElo "2200"]
[PlyCount "65"]
[EventDate "2011.06.10"]
[EventType "swiss"]
[EventRounds "7"]
[EventCountry "NED"]
[Source "P.Boonen"]
[SourceDate "2012.01.01"]

1. e4 c5 2. Nf3 d6 3. d4 cxd4 4. Nxd4 Nf6 5. Nc3 a6 6. Be3 e6 7. Be2 Be7 8. O-O
O-O 9. f4 Qc7 10. a4 Bd7 11. a5 Nc6 12. Nb3 Rac8 13. Bf3 Nb4 14. g4 d5 15. e5
Ne4 16. Nxe4 dxe4 17. Bxe4 Bc6 18. Bb6 Qxb6+ 19. axb6 Bxe4 20. c3 Rfd8 21. Qe1
Bd5 22. cxb4 Bxb3 23. Rf3 Bd5 24. Rc3 Bc6 25. Rc4 Rd5 26. Qc3 Bd8 27. Rxa6 Rd1+
28. Kf2 Rd7 29. b5 Bh4+ 30. Ke3 g5 31. bxc6 bxc6 32. Rxc6 Rcd8 33. Rc8 1-0

[Event "ENCI Limburg-open A"]
[Site "Maastricht"]
[Date "2011.06.11"]
[Round "2"]
[White "Fier, Alexandr"]
[Black "Vandevoort, Pascal"]
[Result "1/2-1/2"]
[WhiteElo "2560"]
[BlackElo "2400"]
[PlyCount "80"]
[EventDate "2011.06.10"]
[EventType "swiss"]
[EventRounds "7"]
[EventCountry "NED"]
[Source "P.Boonen"]
[SourceDate "2012.01.01"]

1. e4 c5 2. Nf3 d6 3. d4 cxd4 4. Nxd4 Nf6 5. Nc3 g6 6. Be3 Bg7 7. f3 Nc6 8. Qd2
O-O 9. Bc4 Bd7 10. O-O-O Rc8 11. Bb3 Ne5 12. Kb1 a6 13. h4 h5 14. g4 hxg4 15.
h5 Nxh5 16. Bh6 Bf6 17. Nd5 Re8 18. fxg4 Bxg4 19. Rdg1 e6 20. Ne3 Bg5 21. Bxg5
Qxg5 22. Rh2 Kg7 23. Nxg4 Qxd2 24. Rxd2 Nxg4 25. Rxg4 Nf6 26. Rf4 Rh8 27. Rd1
e5 28. Rxf6 Kxf6 29. Rf1+ Kg5 30. Nf3+ Kg4 31. Bxf7 Rcf8 32. Nd2 Kg3 33. b4 g5
34. Rf5 g4 35. Nf1+ Kh4 36. Ne3 g3 37. Rf1 Kg5 38. Rf5+ Kh4 39. Rf1 Kg5 40.
Rf5+ Kh4 1/2-1/2

[Event "ENCI Limburg-open A"]
[Site "Maastricht"]
[Date "2011.06.11"]
[Round "2"]
[White "Friese, Henning"]
[Black "Fuhs, Juergen"]
[Result "1-0"]
[WhiteElo "2077"]
[BlackElo "2133"]
[PlyCount "81"]
[EventDate "2011.06.10"]
[EventType "swiss"]
[EventRounds "7"]
[EventCountry "NED"]
[Source "P.Boonen"]
[SourceDate "2012.01.01"]

1. d4 Nf6 2. c4 e6 3. Nc3 Bb4 4. Qc2 b6 5. a3 Bxc3+ 6. Qxc3 Bb7 7. Bg5 O-O 8.
f3 Na6 9. e4 d6 10. Nh3 h6 11. Bh4 c5 12. d5 e5 13. Bd3 Bc8 14. g4 g5 15. Bf2
Nc7 16. Ng1 Kg7 17. h4 Rh8 18. Ne2 Bd7 19. b4 Qe7 20. Kf1 Rag8 21. bxc5 bxc5
22. Qa5 Bc8 23. Be3 gxh4 24. Rxh4 Ncxd5 25. cxd5 Nxd5 26. exd5 Qxh4 27. Qc7 Qf6
28. Kg2 e4 29. Bxe4 Bxg4 30. Bd2 Bxf3+ 31. Bxf3 Kf8+ 32. Kf2 Qh4+ 33. Ke3 Qg5+
34. Kd3 Qf5+ 35. Be4 c4+ 36. Qxc4 Qd7 37. Rb1 Ke7 38. Qc6 Qh3+ 39. Be3 Rd8 40.
Rb7+ Kf8 41. Qc7 1-0

[Event "ENCI Limburg-open A"]
[Site "Maastricht"]
[Date "2011.06.11"]
[Round "2"]
[White "Goes, Sten"]
[Black "Klein, Felix"]
[Result "0-1"]
[WhiteElo "2099"]
[BlackElo "2243"]
[PlyCount "78"]
[EventDate "2011.06.10"]
[EventType "swiss"]
[EventRounds "7"]
[EventCountry "NED"]
[Source "P.Boonen"]
[SourceDate "2012.01.01"]

1. e4 c5 2. Nf3 e6 3. d4 cxd4 4. Nxd4 a6 5. Nc3 b5 6. Bd3 Bb7 7. O-O Nc6 8.
Nxc6 Bxc6 9. Qe2 Bc5 10. Qg4 g6 11. e5 Qc7 12. Re1 Ne7 13. b4 Bb6 14. a4 h5 15.
Qf4 Bxg2 16. Qf6 Rh7 17. Ne4 Bxe4 18. Bxe4 Rc8 19. c3 Qxc3 20. Bg5 Nf5 21. Rac1
Qxc1 22. Bxc1 Bd8 23. Bb7 Rb8 24. Qxd8+ Kxd8 25. Bxa6 bxa4 26. Re4 Kc7 27. b5
Rhh8 28. Rxa4 Kb6 29. Bd2 Kc5 30. Ba5 Nd4 31. Bc7 Nxb5 32. Bxb8 Rxb8 33. Rf4
Rf8 34. h4 Nd4 35. Bd3 Kd5 36. Re4 Nf3+ 37. Kg2 Nxe5 38. Bb1 Ng4 39. Rf4 f5 0-1

[Event "ENCI Limburg-open A"]
[Site "Maastricht"]
[Date "2011.06.11"]
[Round "2"]
[White "Haast, Mark"]
[Black "Tomov, Georgi"]
[Result "1/2-1/2"]
[WhiteElo "2249"]
[BlackElo "2278"]
[PlyCount "123"]
[EventDate "2011.06.10"]
[EventType "swiss"]
[EventRounds "7"]
[EventCountry "NED"]
[Source "P.Boonen"]
[SourceDate "2012.01.01"]

1. e4 e5 2. Bc4 Nf6 3. d3 c6 4. Nf3 d5 5. exd5 cxd5 6. Bb3 Nc6 7. Nc3 Bb4 8. a3
Ba5 9. O-O O-O 10. Bg5 Be6 11. d4 e4 12. Ne5 Bc7 13. f4 Nxd4 14. Ba2 Nc6 15.
Kh1 h6 16. Bxf6 gxf6 17. Ng4 f5 18. Nxh6+ Kg7 19. Qh5 Qf6 20. Nxd5 Qxh6 21.
Qxh6+ Kxh6 22. Nxc7 Bxa2 23. Rxa2 Rad8 24. c4 Rd2 25. Nd5 Kg6 26. a4 Rd8 27.
Ra3 Rxb2 28. Rg3+ Kh6 29. Rg5 Nd4 30. h3 Rd2 31. a5 Rxd5 32. cxd5 e3 33. Kg1 e2
34. Re1 Nc2 35. Kf2 Nxe1 36. Kxe1 Rxd5 37. a6 bxa6 38. Kxe2 a5 39. Rg3 Rd4 40.
Ra3 a4 41. g3 Kg6 42. Rd3 Rb4 43. Rd6+ f6 44. Ra6 Rb2+ 45. Kd1 Rg2 46. Rxa4
Rxg3 47. Ke2 Rxh3 48. Rxa7 Kh5 49. Rg7 Kh4 50. Rg6 Rg3 51. Rxf6 Kg4 52. Ra6 Rb3
53. Ra4 Kg3 54. Ra5 Rb2+ 55. Ke3 Rb3+ 56. Ke2 Kxf4 57. Kf2 Rb2+ 58. Kf1 Kg4 59.
Ra3 f4 60. Rc3 Ra2 61. Rb3 Ra1+ 62. Kf2 1/2-1/2

[Event "ENCI Limburg-open A"]
[Site "Maastricht"]
[Date "2011.06.11"]
[Round "2"]
[White "Heltzel, Joost"]
[Black "Van Foreest, Jorden"]
[Result "1/2-1/2"]
[WhiteElo "2228"]
[BlackElo "2082"]
[PlyCount "80"]
[EventDate "2011.06.10"]
[EventType "swiss"]
[EventRounds "7"]
[EventCountry "NED"]
[Source "P.Boonen"]
[SourceDate "2012.01.01"]

1. d4 d5 2. c4 c6 3. Nf3 Nf6 4. Nc3 e6 5. Bg5 dxc4 6. e4 b5 7. e5 h6 8. Bh4 g5
9. Nxg5 hxg5 10. Bxg5 Nbd7 11. exf6 Bb7 12. g3 c5 13. d5 Qb6 14. Bg2 O-O-O 15.
O-O b4 16. Na4 Qb5 17. a3 exd5 18. axb4 cxb4 19. Be3 Nc5 20. Qg4+ Rd7 21. Nxc5
Bxc5 22. Bxc5 Qxc5 23. Rfe1 Kc7 24. h4 Rhd8 25. Qf4+ Kb6 26. Re5 Qc7 27. Qd4+
Qc5 28. Qf4 Qc7 29. g4 a6 30. h5 d4 31. Bxb7 Kxb7 32. Ra4 Qd6 33. Qe4+ Ka7 34.
Rea5 Qxf6 35. g5 Qd6 36. Rxa6+ Qxa6 37. Qc6 Qxa4 38. Qxa4+ Kb7 39. Qxb4+ Ka8
40. Qxc4 d3 1/2-1/2

[Event "ENCI Limburg-open A"]
[Site "Maastricht"]
[Date "2011.06.11"]
[Round "2"]
[White "Hovhanisian, Mher"]
[Black "Broekmeulen, Jasper"]
[Result "1-0"]
[WhiteElo "2472"]
[BlackElo "2390"]
[PlyCount "130"]
[EventDate "2011.06.10"]
[EventType "swiss"]
[EventRounds "7"]
[EventCountry "NED"]
[Source "P.Boonen"]
[SourceDate "2012.01.01"]

1. e4 e5 2. Nf3 d6 3. d4 exd4 4. Qxd4 a6 5. Bc4 Nc6 6. Qd3 Nf6 7. Bf4 Be7 8.
Nc3 O-O 9. O-O-O Be6 10. Bxe6 fxe6 11. Qc4 Qd7 12. Ng5 Nd8 13. Nf3 b5 14. Qd3
b4 15. Ne2 Qb5 16. Bg5 Nf7 17. Bxf6 Bxf6 18. Ned4 Qxd3 19. Rxd3 Rfe8 20. Nc6 a5
21. e5 dxe5 22. Re1 Ra6 23. Ncxe5 Nxe5 24. Nxe5 Rd6 25. Rxd6 cxd6 26. Nc4 d5
27. Nxa5 Ra8 28. Nb3 Kf7 29. Kb1 Rc8 30. Nc1 Ke7 31. Nd3 Rc4 32. g3 Kd6 33. f4
g5 34. Kc1 gxf4 35. gxf4 Bg7 36. Kd1 Bh6 37. Rf1 Re4 38. Rf3 Ke7 39. Rh3 Bxf4
40. Rxh7+ Kf6 41. Rh4 e5 42. Rh8 Rd4 43. Rb8 Bxh2 44. Rxb4 Bg1 45. Rxd4 Bxd4
46. c3 Bb6 47. Kd2 Ke6 48. a4 e4 49. Nf4+ Kd6 50. Ne2 Kc5 51. Nd4 Kc4 52. b3+
Kc5 53. Ne2 Ba5 54. Nf4 Bb6 55. Kc2 Ba5 56. Ne6+ Kd6 57. Nd4 Bb6 58. Ne2 Ke5
59. Kd2 Ba5 60. Nd4 Bb6 61. Nc2 Ba7 62. Na3 Ke6 63. Nb5 Bb6 64. b4 Bf2 65. Ke2
Bg1 {.....} 1-0

[Event "ENCI Limburg-open A"]
[Site "Maastricht"]
[Date "2011.06.11"]
[Round "2"]
[White "Jagodzinski, Andreas"]
[Black "Gunther, Justin"]
[Result "1-0"]
[WhiteElo "2163"]
[BlackElo "2054"]
[PlyCount "41"]
[EventDate "2011.06.10"]
[EventType "swiss"]
[EventRounds "7"]
[EventCountry "NED"]
[Source "P.Boonen"]
[SourceDate "2012.01.01"]

1. d4 Nf6 2. c4 c5 3. d5 e6 4. Nc3 exd5 5. cxd5 d6 6. Nf3 g6 7. g3 Bg7 8. Bg2
O-O 9. O-O a6 10. a4 Re8 11. Nd2 Nfd7 12. Nce4 Ne5 13. f4 Ng4 14. Nc4 Bf8 15.
h3 f5 16. Nexd6 Bxd6 17. hxg4 Qc7 18. Bd2 Nd7 19. gxf5 gxf5 20. e4 Nb6 21. Ba5
1-0

[Event "ENCI Limburg-open A"]
[Site "Maastricht"]
[Date "2011.06.11"]
[Round "2"]
[White "Jahncke, Giso"]
[Black "Hetey, Laszlo"]
[Result "0-1"]
[WhiteElo "2208"]
[BlackElo "2337"]
[PlyCount "85"]
[EventDate "2011.06.10"]
[EventType "swiss"]
[EventRounds "7"]
[EventCountry "NED"]
[Source "P.Boonen"]
[SourceDate "2012.01.01"]

1. e4 e5 2. Nf3 Nc6 3. Bb5 Nf6 4. Qe2 Qe7 5. O-O g6 6. c3 a6 7. Bc4 Bg7 8. d4
O-O 9. Bg5 h6 10. Bh4 d6 11. dxe5 dxe5 12. Nbd2 Qe8 13. Rfd1 Nh5 14. Nf1 Nf4
15. Qc2 b5 16. Bd5 Nxd5 17. exd5 Ne7 18. Bxe7 Qxe7 19. Ne3 f5 20. a4 Bd7 21.
axb5 axb5 22. d6 cxd6 23. Nd5 Qd8 24. Rxa8 Qxa8 25. Nh4 Qa4 26. Qxa4 bxa4 27.
Nxg6 Rb8 28. Nb4 Rb6 29. Ne7+ Kf7 30. Ned5 Rb8 31. f3 Bb5 32. Ne3 Ke6 33. g4 f4
34. Nf5 Bf8 35. Kf2 Bc4 36. Rd2 d5 37. Nc6 Rb6 38. Na5 Ba6 39. c4 dxc4 40. Rd8
Rxb2+ 41. Ke1 Bb4+ 42. Kd1 a3 43. Ra8 0-1

[Event "ENCI Limburg-open A"]
[Site "Maastricht"]
[Date "2011.06.11"]
[Round "2"]
[White "Krueger, Norbert"]
[Black "Nabuurs, Joep"]
[Result "0-1"]
[WhiteElo "2110"]
[BlackElo "2212"]
[PlyCount "96"]
[EventDate "2011.06.10"]
[EventType "swiss"]
[EventRounds "7"]
[EventCountry "NED"]
[Source "P.Boonen"]
[SourceDate "2012.01.01"]

1. e4 e5 2. Nc3 Nf6 3. Bc4 Nxe4 4. Qh5 Nd6 5. Bb3 Nc6 6. Nb5 g6 7. Qf3 f5 8.
Qd5 Qe7 9. Nxc7+ Kd8 10. Nxa8 b6 11. d3 Bb7 12. h4 f4 13. Qf3 Nd4 14. Qg4 Bg7
15. Bd2 Bf6 16. O-O-O N6f5 17. Bc3 Bxa8 18. Re1 Qg7 19. Bxd4 Nxd4 20. Ne2 h5
21. Qh3 Nf5 22. d4 Bxh4 23. dxe5 Bxf2 24. Nxf4 Qh6 25. Qc3 Qxf4+ 26. Kb1 Bxe1
27. Rxe1 Qd4 28. Qh3 Qd2 29. Rg1 Qe3 30. Qh1 Qxe5 31. Rd1 Bc6 32. Qf1 Re8 33.
Qa6 Qe2 34. c4 Re3 35. Ba4 Bxa4 36. Qxa4 Rd3 37. Rc1 Qe4 38. Ka1 Qe3 39. Kb1
Qe4 40. Ka1 a5 41. Qb5 Qe3 42. Kb1 Qc5 43. Qa6 Nd6 44. Qa8+ Qc8 45. Qxc8+ Nxc8
46. c5 Rd2 47. cxb6 Nxb6 48. Rc5 Rxb2+ 0-1

[Event "ENCI Limburg-open A"]
[Site "Maastricht"]
[Date "2011.06.11"]
[Round "2"]
[White "Loehnhardt, Benjamin"]
[Black "Roufs, Gerard"]
[Result "1/2-1/2"]
[WhiteElo "2058"]
[BlackElo "2006"]
[PlyCount "80"]
[EventDate "2011.06.10"]
[EventType "swiss"]
[EventRounds "7"]
[EventCountry "NED"]
[Source "P.Boonen"]
[SourceDate "2012.01.01"]

1. e4 c5 2. Nf3 e6 3. Nc3 Nc6 4. g3 g6 5. Bg2 Bg7 6. O-O Nge7 7. Ne2 O-O 8. c3
d5 9. exd5 exd5 10. d4 cxd4 11. Nexd4 Qb6 12. Nb3 Bg4 13. Be3 Qd8 14. h3 Bf5
15. Qd2 Be4 16. Bh6 Bxh6 17. Qxh6 Nf5 18. Qf4 Qd6 19. Qd2 Qf6 20. Nfd4 Nfxd4
21. Nxd4 Bxg2 22. Kxg2 Nxd4 23. cxd4 Rfe8 24. Rfe1 Rad8 25. Rad1 b6 26. Qb4 Kg7
27. Rd3 Rxe1 28. Qxe1 Rd7 29. Qb4 Qe7 30. Qd2 Rd6 31. Re3 Re6 32. Rxe6 Qxe6 33.
a3 Qe4+ 34. f3 Qb1 35. Qe2 Qa2 36. g4 Qc4 37. Qe5+ Kg8 38. Qe8+ Kg7 39. Qe5+
Kg8 40. Qe8+ Kg7 1/2-1/2

[Event "ENCI Limburg-open A"]
[Site "Maastricht"]
[Date "2011.06.11"]
[Round "2"]
[White "Luncescu, Christian"]
[Black "Dorr, Yannick"]
[Result "1-0"]
[WhiteElo "2190"]
[BlackElo "1917"]
[PlyCount "35"]
[EventDate "2011.06.10"]
[EventType "swiss"]
[EventRounds "7"]
[EventCountry "NED"]
[Source "P.Boonen"]
[SourceDate "2012.01.01"]

1. e4 c5 2. Nc3 Nc6 3. g3 Nf6 4. Bg2 d6 5. d3 g6 6. h3 Bg7 7. Be3 a6 8. Qd2 Qc7
9. Bh6 O-O 10. h4 Bxh6 11. Qxh6 e5 12. h5 Nd4 13. O-O-O b5 14. Qg5 Qe7 15. f4
Bg4 16. Rf1 b4 17. fxe5 dxe5 18. Rxf6 1-0

[Event "ENCI Limburg-open A"]
[Site "Maastricht"]
[Date "2011.06.11"]
[Round "2"]
[White "Magnussen, Helge"]
[Black "Rietveld, Leo"]
[Result "1-0"]
[WhiteElo "2131"]
[BlackElo "2055"]
[PlyCount "81"]
[EventDate "2011.06.10"]
[EventType "swiss"]
[EventRounds "7"]
[EventCountry "NED"]
[Source "P.Boonen"]
[SourceDate "2012.01.01"]

1. d4 d5 2. c4 e6 3. Nc3 c5 4. cxd5 cxd4 5. Qxd4 Nc6 6. Qd1 exd5 7. Qxd5 Bd7 8.
e3 Nf6 9. Qd1 Bc5 10. Nf3 Qe7 11. Be2 O-O-O 12. Bd2 Kb8 13. a3 Bf5 14. Qa4 Bd7
15. Qc2 Rc8 16. b4 Bb6 17. Qb2 Ka8 18. O-O Rhg8 19. Na4 Bc7 20. b5 Nd8 21. Rfd1
Ne4 22. Bb4 Qe8 23. Nc3 f5 24. Nd5 Bxb5 25. Bxb5 Qxb5 26. Ne7 Ne6 27. Nxc8 Rxc8
28. a4 Qe8 29. Rac1 g5 30. Nd4 Be5 31. Rxc8+ Qxc8 32. Qb3 Bxd4 33. exd4 Nf4 34.
f3 Nf6 35. Re1 N6d5 36. g3 Nh3+ 37. Kg2 Nxb4 38. Qxb4 g4 39. Qd2 gxf3+ 40. Kxh3
f4+ 41. g4 1-0

[Event "ENCI Limburg-open A"]
[Site "Maastricht"]
[Date "2011.06.11"]
[Round "2"]
[White "Meng, Roger"]
[Black "Dambacher, Martijn"]
[Result "1/2-1/2"]
[WhiteElo "2255"]
[BlackElo "2500"]
[PlyCount "100"]
[EventDate "2011.06.10"]
[EventType "swiss"]
[EventRounds "7"]
[EventCountry "NED"]
[Source "P.Boonen"]
[SourceDate "2012.01.01"]

1. e4 c5 2. Nc3 e6 3. f4 a6 4. Nf3 b5 5. d3 Bb7 6. g3 g6 7. Bg2 Bg7 8. Be3 d6
9. O-O Nd7 10. f5 exf5 11. exf5 Ne7 12. fxg6 hxg6 13. Ng5 Bxg2 14. Nxf7 Qc7 15.
Kxg2 O-O 16. Ng5 Qc6+ 17. Kg1 Nf5 18. Bf2 b4 19. Ne2 Bh6 20. Ne4 d5 21. Nd2 Ne3
22. Bxe3 Bxe3+ 23. Kg2 Rxf1 24. Kxf1 Rf8+ 25. Nf4 g5 26. Qh5 Qf6 27. Nf3 gxf4
28. Qxd5+ Rf7 29. g4 Qxb2 30. Re1 Nf6 31. Qe6 Qxc2 32. Re2 Qb1+ 33. Kg2 Qd1 34.
Re1 Qc2+ 35. Kh3 Nh7 36. Qg6+ Rg7 37. Qe6+ Rf7 38. Qg6+ Kf8 39. Qd6+ Kg7 40.
Qe5+ Kg8 41. Qd5 Qb2 42. d4 Qc2 43. Ne5 Ng5+ 44. Kh4 Qh7+ 45. Kxg5 Qg7+ 46. Kh5
Qh8+ 47. Kg5 Qg7+ 48. Kh5 Qh7+ 49. Kg5 Qg7+ 50. Kh5 Qh7+ 1/2-1/2

[Event "ENCI Limburg-open A"]
[Site "Maastricht"]
[Date "2011.06.11"]
[Round "2"]
[White "Mengerink, Ynze"]
[Black "Koop, Soeren"]
[Result "1/2-1/2"]
[WhiteElo "2147"]
[BlackElo "2045"]
[PlyCount "75"]
[EventDate "2011.06.10"]
[EventType "swiss"]
[EventRounds "7"]
[EventCountry "NED"]
[Source "P.Boonen"]
[SourceDate "2012.01.01"]

1. e4 e5 2. Nc3 Nf6 3. Nf3 Nc6 4. Bb5 Nd4 5. Bc4 d6 6. Ng5 Be6 7. Nxe6 fxe6 8.
d3 d5 9. Bb3 c6 10. O-O Bc5 11. Bg5 O-O 12. exd5 exd5 13. Bxf6 gxf6 14. Ne2
Nxb3 15. axb3 f5 16. d4 Bd6 17. dxe5 Bxe5 18. c3 Qc7 19. f4 Bd6 20. Rf3 Bc5+
21. Kh1 Rae8 22. b4 Bb6 23. Qd3 Re4 24. Raf1 Kh8 25. Ng3 Qf7 26. Qb1 Re3 27.
Rxe3 Bxe3 28. Qd3 Bb6 29. Re1 Re8 30. Re2 Bc7 31. Kg1 Rxe2 32. Nxe2 Qe6 33.
Qd4+ Kg8 34. Kf1 Bb6 35. Qe5 Qxe5 36. fxe5 Bc7 37. Nd4 Bxe5 38. Nxf5 1/2-1/2

[Event "ENCI Limburg-open A"]
[Site "Maastricht"]
[Date "2011.06.11"]
[Round "2"]
[White "Michielsen, Joost"]
[Black "Surewaard, Wilbert"]
[Result "0-1"]
[WhiteElo "2338"]
[BlackElo "2164"]
[PlyCount "38"]
[EventDate "2011.06.10"]
[EventType "swiss"]
[EventRounds "7"]
[EventCountry "NED"]
[Source "P.Boonen"]
[SourceDate "2012.01.01"]

1. e4 e5 2. Nf3 Nc6 3. Bb5 Nd4 4. Nxd4 exd4 5. O-O h5 6. c3 c6 7. Bc4 Bc5 8. b4
Bb6 9. Bb2 d5 10. exd5 cxd5 11. Bb5+ Kf8 12. c4 a6 13. c5 Bc7 14. Bd3 Bg4 15.
Qe1 Bf3 16. g3 Qf6 17. h4 Re8 18. Qc1 Qe6 19. Rd1 Qh3 0-1

[Event "ENCI Limburg-open A"]
[Site "Maastricht"]
[Date "2011.06.11"]
[Round "2"]
[White "Miedema, David"]
[Black "Swinkels, Robin"]
[Result "0-1"]
[WhiteElo "2409"]
[BlackElo "2483"]
[PlyCount "168"]
[EventDate "2011.06.10"]
[EventType "swiss"]
[EventRounds "7"]
[EventCountry "NED"]
[Source "P.Boonen"]
[SourceDate "2012.01.01"]

1. d4 d5 2. c4 c6 3. Nc3 Nf6 4. cxd5 cxd5 5. Nf3 Nc6 6. Bf4 Bf5 7. e3 e6 8. Qb3
Bb4 9. Ne5 Qb6 10. f3 Nd7 11. Nxd7 Kxd7 12. Kf2 Bd6 13. Qxb6 axb6 14. Bxd6 Kxd6
15. Bb5 Bg6 16. h4 f6 17. h5 Be8 18. h6 g5 19. e4 dxe4 20. Nxe4+ Ke7 21. d5
exd5 22. Nc3 Nb4 23. Bxe8 Rhxe8 24. Rad1 Red8 25. Rd4 Nc6 26. Rxd5 Rxa2 27.
Re1+ Kf7 28. Re2 Rxd5 29. Nxd5 b5 30. Nc3 Ra5 31. Rd2 b4 32. Ne4 Ne5 33. Kg3
Kg6 34. Rd4 Nc6 35. Rd7 Rb5 36. Rd6 Rf5 37. Rd7 Rb5 38. Rd6 Rf5 39. Rd7 b5 40.
Kf2 Ne5 41. Rd4 Kxh6 42. Nd6 Rf4 43. Rxf4 gxf4 44. Nxb5 Nd3+ 45. Ke2 Nxb2 46.
Nd4 Na4 47. Ne6 Nc3+ 48. Kd3 Nd5 49. Kc4 Ne3+ 50. Kxb4 Nxg2 51. Kc3 Nh4 52. Nd4
Ng6 53. Kd3 Kg5 54. Ke2 f5 55. Kf2 Kf6 56. Nc6 Ke6 57. Ke2 Kd5 58. Nb4+ Kc4 59.
Nc6 Kc5 60. Nd8 Kd6 61. Nf7+ Ke7 62. Ng5 Nf8 63. Nh3 Ne6 64. Kf2 Kf6 65. Ng1
Nd4 66. Nh3 Ne6 67. Ng1 Ke5 68. Nh3 Kd4 69. Ke2 Kc3 70. Ng1 Nd4+ 71. Kf2 Kd2
72. Nh3 Ne6 73. Ng1 Nc5 74. Nh3 Nd3+ 75. Kg2 h6 76. Kf1 Ke3 77. Ng1 Ne5 78. Kg2
h5 79. Nh3 Nxf3 80. Kf1 Nd2+ 81. Kg2 f3+ 82. Kg1 Ne4 83. Kf1 f2 84. Kg2 f4 0-1

[Event "ENCI Limburg-open A"]
[Site "Maastricht"]
[Date "2011.06.11"]
[Round "2"]
[White "Mueer, Sebastian"]
[Black "Iseringhausen, Martin"]
[Result "1-0"]
[WhiteElo "2257"]
[BlackElo "2064"]
[PlyCount "75"]
[EventDate "2011.06.10"]
[EventType "swiss"]
[EventRounds "7"]
[EventCountry "NED"]
[Source "P.Boonen"]
[SourceDate "2012.01.01"]

1. c4 Nf6 2. g3 g6 3. Bg2 Bg7 4. Nc3 O-O 5. e4 d6 6. Nge2 Nc6 7. O-O Nd7 8. d3
e5 9. f4 exf4 10. Bxf4 Nd4 11. Qd2 Nc5 12. Bg5 Nxe2+ 13. Nxe2 Qe8 14. Rae1 Bg4
15. Nc3 Bd4+ 16. Kh1 f6 17. Bh6 Rf7 18. Nb5 Bxb2 19. Rb1 a6 20. Nxc7 Rxc7 21.
Rxb2 Rf7 22. d4 Nxe4 23. Qf4 f5 24. h3 g5 25. Bxg5 Bh5 26. Re1 Bg6 27. Rb6 Qa4
28. Reb1 Qxc4 29. Rxb7 Qd3 30. Kh2 Raf8 31. Bh6 Rxb7 32. Rxb7 Re8 33. g4 fxg4
34. hxg4 Qxd4 35. Re7 Qf6 36. Rxe8+ Bxe8 37. Bxe4 Qh4+ 38. Kg2 1-0